[Event "Scarborough CC Falling Leaves"]
[Site "Toronto CAN"]
[Date "2011.11.17"]
[Round "3"]
[White "Ward, Dean"]
[Black "Posaratnanathan, Juliaan"]
[Result "0-1"]
[WhiteElo "1781"]
[BlackElo "1878"]
[PlyCount "72"]
[GameId "2160767909639363"]
[EventDate "2011.11.03"]
[EventType "swiss"]
[EventRounds "7"]
[EventCountry "CAN"]

1. d4 Nf6 2. c4 e6 3. Nc3 Bb4 4. Qc2 O-O 5. a3 Bxc3+ 6. Qxc3 b5 7. cxb5 c6 8. bxc6 Nxc6 9. Bg5 Bb7 10. Nf3 Rc8 11. Qd3 Qa5+ 12. Bd2 Qb6 13. Bc3 Ba6 14. Qb1 Nd5 15. e3 Bxf1 16. Rxf1 Rb8 17. Kd2 Nxc3 18. bxc3 Qc7 19. Qc2 Na5 20. Rfb1 Rxb1 21. Rxb1 Nc4+ 22. Kd3 Nxa3 23. Qb3 Nxb1 24. Qxb1 d5 25. g3 a5 26. Nd2 a4 27. Qb5 Ra8 28. Nb1 Qc4+ 29. Qxc4 dxc4+ 30. Kxc4 a3 31. Nxa3 Rxa3 32. e4 Kf8 33. d5 Ke7 34. Kb4 Ra2 35. f4 Re2 36. dxe6 Rxe4+ 0-1

[Event "Scarborough CC Falling Leaves"]
[Site "Toronto CAN"]
[Date "2011.11.24"]
[Round "4"]
[White "Al Ganabi, Haqi"]
[Black "Armstrong, Robert J"]
[Result "1-0"]
[WhiteElo "1995"]
[BlackElo "1724"]
[PlyCount "65"]
[GameId "2160767909639364"]
[EventDate "2011.11.03"]
[EventType "swiss"]
[EventRounds "7"]
[EventCountry "CAN"]

1. e4 g6 2. d4 Bg7 3. f4 d6 4. c4 Nf6 5. Nc3 O-O 6. Nf3 c5 7. Be3 Ng4 8. Bg1 cxd4 9. Bxd4 e5 10. fxe5 dxe5 11. Bc5 Re8 12. h3 Nf6 13. Be2 Qc7 14. Bd6 Qb6 15. b4 Rd8 16. Nb5 a6 17. c5 Qc6 18. Nc7 Ra7 19. Nd5 Nxd5 20. exd5 Rxd6 21. dxc6 Rxd1+ 22. Rxd1 Nxc6 23. O-O Be6 24. a3 h6 25. Nd2 Nd4 26. Bc4 Ra8 27. Bxe6 Nxe6 28. Nc4 Rd8 29. Rxd8+ Nxd8 30. Rd1 Bf6 31. Nxe5 Bxe5 32. Rxd8+ Kg7 33. Rd7 1-0

[Event "Scarborough CC Falling Leaves"]
[Site "Toronto CAN"]
[Date "2011.11.24"]
[Round "4"]
[White "Fan, Yibing"]
[Black "Paterson, Jim"]
[Result "1-0"]
[WhiteElo "1745"]
[BlackElo "1846"]
[PlyCount "89"]
[GameId "2160767909639365"]
[EventDate "2011.11.03"]
[EventType "swiss"]
[EventRounds "7"]
[EventCountry "CAN"]

1. d4 c6 2. Nf3 Nf6 3. c4 d5 4. c5 g6 5. Nc3 Bg7 6. Bf4 Nbd7 7. h3 Nf8 8. e3 Ne6 9. Bg3 O-O 10. Bd3 Bd7 11. b4 a6 12. Na4 Be8 13. Nb6 Ra7 14. Ne5 Nd7 15. Nexd7 Bxd7 16. a4 Nc7 17. O-O Na8 18. Bb8 Nxb6 19. Bxa7 Nc8 20. Bb8 Re8 21. Bf4 e5 22. dxe5 Bxe5 23. Bxe5 Rxe5 24. Qf3 Bf5 25. Qf4 Qe7 26. Bxf5 Rxf5 27. Qb8 Qd7 28. Rad1 Rg5 29. Kh2 Kg7 30. f4 Rh5 31. Rf3 Qf5 32. Rg1 Ne7 33. g4 Qe4 34. Rfg3 Rh4 35. Qe5+ f6 36. Qxe4 dxe4 37. Rd1 Nd5 38. Rd4 Kf7 39. Rxe4 Nc3 40. Rd4 Ke7 41. Rg2 Nxa4 42. Kg3 g5 43. f5 h5 44. Rgd2 Nxc5 45. bxc5 1-0

[Event "Scarborough CC Falling Leaves"]
[Site "Toronto CAN"]
[Date "2011.11.24"]
[Round "4"]
[White "Krupka, David"]
[Black "Nasirov, Ilyas"]
[Result "1-0"]
[WhiteElo "1992"]
[BlackElo "2062"]
[PlyCount "49"]
[GameId "2160767909639366"]
[EventDate "2011.11.03"]
[EventType "swiss"]
[EventRounds "7"]
[EventCountry "CAN"]

1. d4 d5 2. c4 e6 3. Nc3 Nf6 4. Nf3 Nbd7 5. Bg5 c6 6. e3 Qa5 7. cxd5 exd5 8. Bxf6 Nxf6 9. Bd3 Bd6 10. h3 O-O 11. O-O Qd8 12. Qc2 Re8 13. Rab1 Qe7 14. Na4 h6 15. a3 Ne4 16. b4 Qf6 17. Nc5 Ng5 18. Nxg5 Qxg5 19. f4 Qf6 20. Rfe1 a5 21. b5 Rxe3 22. Rxe3 Qxd4 23. Qf2 Bxc5 24. Re8+ Bf8 25. Qxd4 1-0

[Event "Scarborough CC Falling Leaves"]
[Site "Toronto CAN"]
[Date "2011.11.24"]
[Round "4"]
[White "Morra, Lui"]
[Black "Sharpe, Sam"]
[Result "0-1"]
[WhiteElo "1716"]
[BlackElo "1940"]
[PlyCount "36"]
[GameId "2160767909639367"]
[EventDate "2011.11.03"]
[EventType "swiss"]
[EventRounds "7"]
[EventCountry "CAN"]

1. e4 d5 2. e5 c5 3. Bb5+ Nc6 4. c3 Bd7 5. Bxc6 Bxc6 6. d4 e6 7. Ne2 Rc8 8. O-O Nh6 9. Bxh6 gxh6 10. a4 cxd4 11. cxd4 Bg7 12. Ng3 O-O 13. Nh5 Be8 14. Ra3 f5 15. exf6 Bxh5 16. Qxh5 Qxf6 17. Re3 Qxf2+ 18. Rxf2 Rc1+ 0-1

[Event "Scarborough CC Falling Leaves"]
[Site "Toronto CAN"]
[Date "2011.11.24"]
[Round "4"]
[White "Rutherdale, William"]
[Black "Bellissimo, Joseph"]
[Result "0-1"]
[WhiteElo "1703"]
[BlackElo "1933"]
[PlyCount "58"]
[GameId "2160767909639368"]
[EventDate "2011.11.03"]
[EventType "swiss"]
[EventRounds "7"]
[EventCountry "CAN"]

1. d4 Nf6 2. c4 e6 3. Nc3 d5 4. Bg5 Be7 5. Nf3 O-O 6. e3 h6 7. Bh4 b6 8. Bd3 Bb7 9. O-O Nbd7 10. Rc1 c5 11. Qe2 Rc8 12. Rfd1 cxd4 13. Nxd4 Ne5 14. cxd5 Nxd3 15. Qxd3 Nxd5 16. Bxe7 Qxe7 17. a3 Rfd8 18. Nxd5 Bxd5 19. Qe2 Qg5 20. Nf3 Qf6 21. e4 Bb7 22. Rxd8+ Rxd8 23. h3 Qf4 24. Re1 Qc7 25. Nh2 Rd4 26. f3 Rc4 27. Rd1 Rc2 28. Rd8+ Kh7 29. Rd7 Qc5+ 0-1

[Event "Scarborough CC Falling Leaves"]
[Site "Toronto CAN"]
[Date "2011.11.24"]
[Round "4"]
[White "Song, Lin"]
[Black "Lin, Tony (Juntao)"]
[Result "1/2-1/2"]
[WhiteElo "1863"]
[BlackElo "2024"]
[PlyCount "67"]
[GameId "2160767909639369"]
[EventDate "2011.11.03"]
[EventType "swiss"]
[EventRounds "7"]
[EventCountry "CAN"]

1. e4 e6 2. f4 d5 3. e5 c5 4. c3 Nc6 5. d4 Qb6 6. Nf3 Nh6 7. Bd3 cxd4 8. cxd4 Bd7 9. Bc2 Nb4 10. Na3 Nxc2+ 11. Nxc2 Be7 12. O-O Bb5 13. Re1 Nf5 14. b3 O-O-O 15. Bd2 Kb8 16. Bb4 Bxb4 17. Nxb4 Bd7 18. Nc2 h6 19. Ne3 Nxe3 20. Rxe3 Rhg8 21. h3 f5 22. h4 Be8 23. Ne1 g5 24. fxg5 hxg5 25. hxg5 Rxg5 26. Rc3 Bh5 27. Qd2 Rg4 28. Rc5 a6 29. Rac1 Rg6 30. Qc3 Ka7 31. a4 Rdg8 32. a5 Qd8 33. Rc7 R6g7 34. Qc5+ 1/2-1/2

[Event "Scarborough CC Falling Leaves"]
[Site "Toronto CAN"]
[Date "2011.11.24"]
[Round "4"]
[White "Southam, David"]
[Black "Picana, Andrew"]
[Result "1-0"]
[WhiteElo "2154"]
[BlackElo "2055"]
[PlyCount "101"]
[GameId "2160767909639370"]
[EventDate "2011.11.03"]
[EventType "swiss"]
[EventRounds "7"]
[EventCountry "CAN"]

1. d4 Nf6 2. c4 c5 3. d5 e6 4. Nc3 exd5 5. cxd5 d6 6. e4 Be7 7. h3 O-O 8. Nf3 Nbd7 9. Bd3 Re8 10. O-O a6 11. a4 Qc7 12. Bf4 Bf8 13. Qd2 Nh5 14. Bh2 g6 15. Rfe1 Ne5 16. Be2 Ng7 17. a5 f6 18. Na4 Bd7 19. Nb6 Rad8 20. Rac1 Qb8 21. b4 Bb5 22. Nxe5 fxe5 23. Qb2 Bxe2 24. Rxe2 Qc7 25. bxc5 dxc5 26. Nc4 Nh5 27. Bxe5 Qf7 28. Bc3 Nf4 29. Re3 Bh6 30. Rce1 Re7 31. Ne5 Qf8 32. Ng4 Bg7 33. Bxg7 Qxg7 34. Qxg7+ Kxg7 35. Rc1 h5 36. Nh2 Rxd5 37. g3 Nxh3+ 38. Kg2 Nxf2 39. exd5 Rxe3 40. Kxf2 Rd3 41. Rxc5 Rd2+ 42. Kg1 Kf6 43. Nf1 Ra2 44. Ne3 Ke5 45. Rc7 Ke4 46. Re7+ Kf3 47. d6 Rd2 48. d7 g5 49. Nc4 Rd4 50. Re3+ Kg4 51. Rd3 1-0

[Event "Scarborough CC Falling Leaves"]
[Site "Toronto CAN"]
[Date "2011.11.24"]
[Round "4"]
[White "Stavropoulos, Greg"]
[Black "Ward, Dean"]
[Result "1/2-1/2"]
[WhiteElo "1819"]
[BlackElo "1781"]
[PlyCount "67"]
[GameId "2160767909639371"]
[EventDate "2011.11.03"]
[EventType "swiss"]
[EventRounds "7"]
[EventCountry "CAN"]

1. c4 Nf6 2. Nc3 e6 3. Nf3 d5 4. d4 c6 5. a3 Nbd7 6. Bf4 Nh5 7. Bg5 Qa5 8. e3 Nhf6 9. b4 Bxb4 10. axb4 Qxb4 11. Qd2 dxc4 12. Rb1 Qa5 13. Bxf6 Nxf6 14. Bxc4 Qc7 15. O-O O-O 16. e4 b5 17. Bd3 Bb7 18. e5 Nd5 19. Ne4 h6 20. Rfc1 Qb6 21. Nc5 Rfd8 22. Ra1 b4 23. Qc2 Nc3 24. Na4 Nxa4 25. Rxa4 a5 26. h4 Ba6 27. Bxa6 Rxa6 28. Qb3 Rd5 29. Raa1 c5 30. dxc5 Rxc5 31. Rxc5 Qxc5 32. Rd1 Ra8 33. Rb1 Rc8 34. Qb2 1/2-1/2

[Event "Scarborough CC Falling Leaves"]
[Site "Toronto CAN"]
[Date "2011.11.24"]
[Round "4"]
[White "Ugodnikov, Arkadiy"]
[Black "Huston, Scott"]
[Result "1-0"]
[WhiteElo "1814"]
[BlackElo "1815"]
[PlyCount "43"]
[GameId "2160767909639372"]
[EventDate "2011.11.03"]
[EventType "swiss"]
[EventRounds "7"]
[EventCountry "CAN"]

1. e4 c5 2. Nf3 d6 3. Bb5+ Bd7 4. Bxd7+ Nxd7 5. c3 Ngf6 6. Qe2 g6 7. O-O Bg7 8. d4 cxd4 9. cxd4 Qb6 10. Nc3 O-O 11. Rd1 Rac8 12. e5 Ne8 13. Nd5 Qd8 14. Bg5 f6 15. exf6 Bxf6 16. Bxf6 exf6 17. Ne7+ Kg7 18. Nxc8 Qxc8 19. Rac1 Qd8 20. Re1 Kf7 21. Rc3 Nc7 22. Qc4+ 1-0

[Event "Scarborough CC Falling Leaves"]
[Site "Toronto CAN"]
[Date "2011.12.01"]
[Round "5"]
[White "Armstrong, Robert J"]
[Black "Stavropoulos, Greg"]
[Result "0-1"]
[WhiteElo "1724"]
[BlackElo "1819"]
[PlyCount "70"]
[GameId "2160767909639373"]
[EventDate "2011.11.03"]
[EventType "swiss"]
[EventRounds "7"]
[EventCountry "CAN"]

1. d4 Nf6 2. c4 c5 3. d5 b5 4. cxb5 a6 5. Nc3 g6 6. e4 d6 7. f4 Bg7 8. Nf3 O-O 9. bxa6 Bxa6 10. Bxa6 Nxa6 11. O-O Qb6 12. Kh1 Nc7 13. Rb1 Nd7 14. Bd2 Qa6 15. a3 Rfb8 16. f5 Nb5 17. fxg6 hxg6 18. Ng5 Nf6 19. Qf3 Nd4 20. Qh3 Rb3 21. g3 Qb7 22. e5 dxe5 23. Nce4 Qxd5 24. Bc3 Rb6 25. Rbe1 Rd8 26. Kg1 Rc6 27. Ba5 Rb8 28. Nxf6+ exf6 29. Ne4 Rxb2 30. Nc3 Qe6 31. Qh4 Rb3 32. Ne4 Nf3+ 33. Rxf3 Rxf3 34. Bd8 Rc8 35. Ba5 c4 0-1

[Event "Scarborough CC Falling Leaves"]
[Site "Toronto CAN"]
[Date "2011.12.01"]
[Round "5"]
[White "Krupka, David"]
[Black "Southam, David"]
[Result "0-1"]
[WhiteElo "1992"]
[BlackElo "2154"]
[PlyCount "140"]
[GameId "2160767909639374"]
[EventDate "2011.11.03"]
[EventType "swiss"]
[EventRounds "7"]
[EventCountry "CAN"]

1. d4 e6 2. c4 f5 3. g3 Nf6 4. Bg2 c6 5. Nh3 d6 6. O-O Be7 7. Nc3 O-O 8. Qc2 e5 9. d5 h6 10. f3 cxd5 11. cxd5 Qb6+ 12. Kh1 Bd7 13. Nf2 Na6 14. Qd1 Nc5 15. e4 fxe4 16. fxe4 a5 17. Qe2 Qa6 18. Qxa6 Rxa6 19. Be3 b6 20. h3 Rc8 21. g4 Ra7 22. Kh2 Nh7 23. Rad1 Bg5 24. Bxg5 Nxg5 25. Nh1 b5 26. Ng3 b4 27. Nce2 Na4 28. Rd2 Rac7 29. b3 Nc3 30. h4 Nf7 31. Nf5 Bb5 32. Nfg3 Nh8 33. Rf2 Nxe2 34. Nxe2 Bxe2 35. Rdxe2 Ng6 36. h5 Nf4 37. Rd2 Rc3 38. Bf1 Kf7 39. Bc4 Kf6 40. Rc2 Rxc2 41. Rxc2 Kg5 42. Kg3 Rc5 43. Rd2 a4 44. Rf2 a3 45. Rd2 Rc7 46. Rf2 Rf7 47. Rf1 g6 48. hxg6 Kxg6 49. Rf2 Kf6 50. Bb5 Rg7 51. Kh4 Rc7 52. Bc4 Rc8 53. Rd2 Ke7 54. Rf2 Kd7 55. Rd2 Kc7 56. Kg3 Kb6 57. Rh2 Rh8 58. Kf2 Kc5 59. Ke3 h5 60. gxh5 Rxh5 61. Rxh5 Nxh5 62. Bf1 Nf6 63. Bc4 Nd7 64. Bf1 Nb6 65. Be2 Nd7 66. Bf1 Kb6 67. Be2 Nc5 68. Bf1 Nxb3 69. Bc4 Na5 70. Kd3 b3 0-1

[Event "Scarborough CC Falling Leaves"]
[Site "Toronto CAN"]
[Date "2011.12.01"]
[Round "5"]
[White "Lamb, Bryan"]
[Black "Song, Lin"]
[Result "1-0"]
[WhiteElo "2153"]
[BlackElo "1863"]
[PlyCount "65"]
[GameId "2160767909639375"]
[EventDate "2011.11.03"]
[EventType "swiss"]
[EventRounds "7"]
[EventCountry "CAN"]

1. c4 Nf6 2. Nc3 g6 3. g3 Bg7 4. Bg2 d6 5. Nf3 O-O 6. d4 Nc6 7. d5 Nb8 8. O-O Na6 9. Ne1 Nc5 10. Nd3 Nxd3 11. Qxd3 Nd7 12. e4 Ne5 13. Qe2 c6 14. f4 Bg4 15. Qc2 Nxc4 16. f5 gxf5 17. h3 Bh5 18. exf5 Bd4+ 19. Kh1 f6 20. Qd3 Bxc3 21. Qxc4 Be5 22. Bh6 Bf7 23. Qg4+ Bg6 24. fxg6 f5 25. gxh7+ Kxh7 26. Qh4 Bxg3 27. Qxg3 Kxh6 28. Rf4 e5 29. Rh4+ Qxh4 30. Qxh4+ Kg6 31. dxc6 bxc6 32. Bxc6 Rac8 33. Rg1+ 1-0

[Event "Scarborough CC Falling Leaves"]
[Site "Toronto CAN"]
[Date "2011.12.01"]
[Round "5"]
[White "Nasirov, Ilyas"]
[Black "Ugodnikov, Arkadiy"]
[Result "1/2-1/2"]
[WhiteElo "2062"]
[BlackElo "1814"]
[PlyCount "92"]
[GameId "2160767909639377"]
[EventDate "2011.11.03"]
[EventType "swiss"]
[EventRounds "7"]
[EventCountry "CAN"]

1. d4 Nf6 2. c4 g6 3. Nc3 d5 4. cxd5 Nxd5 5. e4 Nxc3 6. bxc3 Bg7 7. Bc4 O-O 8. Ne2 Nd7 9. O-O c5 10. Bb3 cxd4 11. cxd4 Nf6 12. f3 b6 13. Be3 Ba6 14. Re1 Rc8 15. Rc1 Qd7 16. Qd2 Rxc1 17. Rxc1 Rc8 18. Nf4 Bb7 19. Rxc8+ Qxc8 20. e5 Ne8 21. Qb4 e6 22. d5 Bxd5 23. Nxd5 exd5 24. Bxd5 Qd7 25. Qe4 Nc7 26. Bb3 Ne6 27. f4 Nc5 28. Bxc5 bxc5 29. Kf1 Qd4 30. Qxd4 cxd4 31. Ke2 Bf8 32. Kd3 Bc5 33. Kc4 Bb6 34. a4 Kf8 35. Bc2 Ke7 36. a5 Bxa5 37. Kxd4 Bb6+ 38. Ke4 Bg1 39. h3 Bc5 40. g4 f6 41. Bb3 fxe5 42. Kxe5 Bb6 43. Bg8 Bc7+ 44. Ke4 h6 45. f5 Kf6 46. fxg6 Kxg6 1/2-1/2

[Event "Scarborough CC Falling Leaves"]
[Site "Toronto CAN"]
[Date "2011.12.01"]
[Round "5"]
[White "Paterson, Jim"]
[Black "Rutherdale, William"]
[Result "1-0"]
[WhiteElo "1846"]
[BlackElo "1703"]
[PlyCount "105"]
[GameId "2160767909639378"]
[EventDate "2011.11.03"]
[EventType "swiss"]
[EventRounds "7"]
[EventCountry "CAN"]

1. e4 e5 2. Nc3 Bc5 3. Nf3 d6 4. h3 Nf6 5. a3 a6 6. d3 Nbd7 7. Bg5 c6 8. Qd2 b5 9. Nd1 Nf8 10. Be2 Ng6 11. Nh4 h6 12. Nxg6 fxg6 13. Be3 Bb6 14. O-O O-O 15. c3 Bc7 16. b4 Be6 17. Qc2 Qd7 18. Kh2 d5 19. Bc5 Bd6 20. Bxd6 Qxd6 21. Bf3 Rad8 22. Re1 dxe4 23. dxe4 Qd2 24. Qxd2 Rxd2 25. Kg1 Rfd8 26. Ne3 R8d3 27. Rec1 Rb2 28. c4 Rdd2 29. cxb5 cxb5 30. Rc6 Bd7 31. Rxa6 Rxf2 32. Nd1 Ra2 33. Rxa2 Rxa2 34. Nc3 Rc2 35. Nd5 Kf7 36. Ra7 Ke8 37. Nb6 Ra2 38. Kf1 Ke7 39. Nxd7 Nxd7 40. Be2 Kd6 41. Bxb5 Nf6 42. Rxg7 Nxe4 43. Rxg6+ Kd5 44. Bc6+ Kd4 45. Rg4 Ra1+ 46. Ke2 Ra2+ 47. Kd1 Ra1+ 48. Kc2 Ra2+ 49. Kb3 Re2 50. Rxe4+ Rxe4 51. Bxe4 Kxe4 52. b5 Kd3 53. b6 1-0

[Event "Scarborough CC Falling Leaves"]
[Site "Toronto CAN"]
[Date "2011.12.01"]
[Round "5"]
[White "Picana, Andrew"]
[Black "Al Ganabi, Haqi"]
[Result "1-0"]
[WhiteElo "2055"]
[BlackElo "1992"]
[PlyCount "57"]
[GameId "2160767909639379"]
[EventDate "2011.11.03"]
[EventType "swiss"]
[EventRounds "7"]
[EventCountry "CAN"]

1. c4 Nf6 2. Nc3 e5 3. g3 c6 4. Nf3 e4 5. Ng5 d5 6. cxd5 cxd5 7. d4 h6 8. Nh3 Nc6 9. Nf4 a6 10. e3 g5 11. Nh5 Nxh5 12. Qxh5 Bf5 13. h4 Qd7 14. Qd1 Rg8 15. Qb3 O-O-O 16. Bd2 Bg4 17. Na4 Qe6 18. Rc1 Bf3 19. Rh2 b5 20. Bxb5 axb5 21. Qxb5 Rg6 22. Ba5 Re8 23. a3 gxh4 24. Rxh4 Be7 25. Nb6+ Kb7 26. Nxd5+ Kc8 27. Qa6+ Kd7 28. Qb7+ Kd6 29. Qxc6# 1-0

[Event "Scarborough CC Falling Leaves"]
[Site "Toronto CAN"]
[Date "2011.12.01"]
[Round "5"]
[White "Posaratnanathan, Juliaan"]
[Black "Bellissimo, Joseph"]
[Result "1-0"]
[WhiteElo "1878"]
[BlackElo "1933"]
[PlyCount "115"]
[GameId "2160767909639380"]
[EventDate "2011.11.03"]
[EventType "swiss"]
[EventRounds "7"]
[EventCountry "CAN"]

1. e4 e5 2. Nf3 Nf6 3. d4 Nxe4 4. dxe5 d5 5. Nbd2 Be7 6. Nxe4 dxe4 7. Qxd8+ Bxd8 8. Ng5 Bf5 9. Bc4 Bxg5 10. Bxg5 Nc6 11. Bf4 O-O 12. O-O-O Rfe8 13. e6 Bxe6 14. Bxe6 Rxe6 15. Bxc7 Nb4 16. Bd6 a5 17. a3 Nc6 18. Bf4 b5 19. Rd6 Rxd6 20. Bxd6 b4 21. Rd1 f5 22. Bc5 g6 23. Rd5 Rb8 24. a4 Rd8 25. Rxd8+ Nxd8 26. c3 bxc3 27. b4 axb4 28. Bxb4 Kf7 29. a5 Ne6 30. a6 Nc7 31. a7 Ke6 32. Ba5 Na8 33. Bxc3 Kd5 34. Kd2 Kc4 35. Be5 Kd5 36. Bf4 Kd4 37. h3 Kd5 38. Kc3 Kc5 39. Be3+ Kd5 40. Kb4 h5 41. Kb5 Kd6 42. Kc4 Kc6 43. Kd4 Kd6 44. Bf4+ Ke6 45. Kc5 Kd7 46. h4 e3 47. fxe3 Ke6 48. Kc6 Ke7 49. Kb7 Kd7 50. Kxa8 Kc8 51. g3 g5 52. hxg5 h4 53. gxh4 Kd7 54. Kb8 Ke8 55. a8=Q Kf8 56. Qa7 Kg8 57. g6 Kf8 58. Qf7# 1-0

[Event "Scarborough CC Falling Leaves"]
[Site "Toronto CAN"]
[Date "2011.12.01"]
[Round "5"]
[White "Uddin, Mohammad"]
[Black "Huston, Scott"]
[Result "0-1"]
[WhiteElo "1826"]
[BlackElo "1815"]
[PlyCount "62"]
[GameId "2160767909639381"]
[EventDate "2011.11.03"]
[EventType "swiss"]
[EventRounds "7"]
[EventCountry "CAN"]

1. e4 c5 2. Nf3 d6 3. d4 cxd4 4. Nxd4 Nf6 5. Nc3 a6 6. Be3 Ng4 7. Bg5 h6 8. Bh4 g5 9. Bg3 Bg7 10. Be2 Ne5 11. Qd2 Nbc6 12. Nf5 Bxf5 13. exf5 Qb6 14. O-O-O Rc8 15. f4 gxf4 16. Bxf4 Nb4 17. Be3 Nxa2+ 18. Nxa2 Nd3+ 19. Qxd3 Qxb2+ 20. Kd2 Qxa2 21. Bd4 Bxd4 22. Qxd4 Rxc2+ 23. Ke1 Rxe2+ 24. Kf1 Rxg2 25. Re1 Rhg8 26. Qe3 Qc4+ 27. Re2 Rxe2 28. Qxe2 Qd5 29. Kf2 Rg2+ 30. Kf1 Rxe2 31. Kxe2 Qxh1 0-1

[Event "Scarborough CC Falling Leaves"]
[Site "Toronto CAN"]
[Date "2011.12.01"]
[Round "5"]
[White "Ward, Dean"]
[Black "Fan, Yibing"]
[Result "1/2-1/2"]
[WhiteElo "1781"]
[BlackElo "1745"]
[PlyCount "94"]
[GameId "2160767909639382"]
[EventDate "2011.11.03"]
[EventType "swiss"]
[EventRounds "7"]
[EventCountry "CAN"]

1. d4 Nf6 2. c4 e6 3. Nc3 Bb4 4. Qc2 b6 5. a3 Be7 6. e4 d6 7. Bd3 e5 8. d5 O-O 9. Nge2 Bd7 10. O-O Nh5 11. Be3 Na6 12. b4 Rc8 13. c5 Nxc5 14. bxc5 dxc5 15. Ba6 Rb8 16. Rfd1 Bg5 17. Qd2 Bxe3 18. Qxe3 Qe7 19. a4 c6 20. dxc6 Bxc6 21. Bb5 Qb7 22. Nd5 Bxd5 23. exd5 a6 24. Bc6 Qc7 25. a5 Nf6 26. axb6 Rxb6 27. Rac1 Ng4 28. Qxc5 Rb2 29. Qc4 e4 30. d6 Qb6 31. Qd4 Qxd4 32. Nxd4 Nxf2 33. Rf1 Rd2 34. Rxf2 Rxd4 35. d7 Rd8 36. Rf4 g6 37. Rxe4 Rxe4 38. Bxe4 Rxd7 39. Ra1 f5 40. Bf3 g5 41. Rxa6 g4 42. Be2 Kg7 43. Kf2 Rd2 44. Ke3 Rb2 45. Rd6 f4+ 46. Kd3 f3 47. gxf3 gxf3 1/2-1/2

[Event "Scarborough CC Falling Leaves"]
[Site "Toronto CAN"]
[Date "2011.12.08"]
[Round "6"]
[White "Armstrong, Robert J"]
[Black "Shebetah, Wajdy"]
[Result "0-1"]
[WhiteElo "1724"]
[BlackElo "2086"]
[PlyCount "66"]
[GameId "2160767909639383"]
[EventDate "2011.11.03"]
[EventType "swiss"]
[EventRounds "7"]
[EventCountry "CAN"]

1. d4 e6 2. c4 f5 3. g3 Nf6 4. Bg2 d5 5. cxd5 exd5 6. Nf3 Bd6 7. O-O O-O 8. Nc3 c6 9. b3 Nbd7 10. Bb2 Ne4 11. Nxe4 fxe4 12. Ne5 Qe7 13. f4 exf3 14. Nxf3 a5 15. Qd3 Nf6 16. Ng5 g6 17. e4 dxe4 18. Qc4+ Kg7 19. d5 Be5 20. Bxe5 Qxe5 21. dxc6 Qxg5 22. Qc3 bxc6 23. Bxe4 Bh3 24. Bxc6 Bxf1 25. Bxa8 Rxa8 26. Rxf1 Re8 27. Qc7+ Kh6 28. Qd6 Qe3+ 29. Kg2 Ne4 30. Qc6 Nd2 31. Rf4 Qe2+ 32. Kg1 Re4 33. Qd6 Nf3+ 0-1

[Event "Scarborough CC Falling Leaves"]
[Site "Toronto CAN"]
[Date "2011.12.08"]
[Round "6"]
[White "Bellissimo, Joseph"]
[Black "Ugodnikov, Arkadiy"]
[Result "1/2-1/2"]
[WhiteElo "1933"]
[BlackElo "1814"]
[PlyCount "105"]
[GameId "2160767909639384"]
[EventDate "2011.11.03"]
[EventType "swiss"]
[EventRounds "7"]
[EventCountry "CAN"]

1. e4 e5 2. Nf3 Nc6 3. Bc4 Bc5 4. c3 Nf6 5. d4 exd4 6. cxd4 Bb4+ 7. Bd2 Bxd2+ 8. Nbxd2 d5 9. exd5 Nxd5 10. Qb3 Nce7 11. O-O O-O 12. Rfe1 Nb6 13. Bd3 Be6 14. Qc2 Ng6 15. Ne4 Bd5 16. Neg5 Bxf3 17. Nxf3 c6 18. Rad1 Qd6 19. h4 h6 20. Bxg6 fxg6 21. Ne5 Rf6 22. Qb3+ Qd5 23. Qa3 Kh7 24. Ng4 Rf7 25. Ne5 Rf6 26. Ng4 Rf7 27. Re5 Qd6 28. h5 gxh5 29. Qd3+ Qg6 30. Rxh5 Qxd3 31. Rxd3 Rd8 32. Ne5 Rf4 33. Nf3 Nd5 34. g3 Rf6 35. Rh4 Rdf8 36. Kg2 Kg8 37. Re4 g5 38. Re2 Kg7 39. Rb3 R8f7 40. Ne5 Re7 41. Rd2 Rfe6 42. Rc2 Nf6 43. Ra3 a6 44. Rb3 Rd6 45. Rb4 Nd5 46. Rb3 Nf6 47. Rb4 Nd5 48. Rb3 Nf6 49. Rc4 Nd5 50. a3 Rf6 51. Rc2 h5 52. Nd3 h4 53. Ne5 1/2-1/2

[Event "Scarborough CC Falling Leaves"]
[Site "Toronto CAN"]
[Date "2011.12.08"]
[Round "6"]
[White "Huston, Scott"]
[Black "Rutherdale, William"]
[Result "0-1"]
[WhiteElo "1815"]
[BlackElo "1703"]
[PlyCount "90"]
[GameId "2160767909639385"]
[EventDate "2011.11.03"]
[EventType "swiss"]
[EventRounds "7"]
[EventCountry "CAN"]

1. d4 d5 2. c4 c6 3. Nc3 Nf6 4. Nf3 e6 5. e3 Bd6 6. Qc2 Nbd7 7. g4 e5 8. g5 Nh5 9. cxd5 exd4 10. Nxd4 cxd5 11. Bd2 g6 12. h4 Nb6 13. O-O-O Bd7 14. Bg2 Rc8 15. Qb3 Ba4 16. Qxa4+ Nxa4 17. Bxd5 Nxc3 18. Bxc3 Qe7 19. Kb1 O-O 20. Nc2 Rfd8 21. Bf3 Ng7 22. Bf6 Qc7 23. Nd4 a6 24. Bg4 Rb8 25. Bxd8 Rxd8 26. h5 gxh5 27. Bxh5 Nxh5 28. Rxh5 Be5 29. Rc1 Qb6 30. Rh6 Qb4 31. a3 Qd2 32. Rc2 Qd1+ 33. Rc1 Qd3+ 34. Ka2 Bxd4 35. exd4 Qxd4 36. Rch1 Qg7 37. f4 Rd2 38. Rb6 Qd4 39. Rb3 Qd5 40. Rhh3 a5 41. a4 Qc4 42. Rhc3 Qxa4+ 43. Ra3 Qb5 44. Rab3 Qd5 45. Ka3 Rd1 0-1

[Event "Scarborough CC Falling Leaves"]
[Site "Toronto CAN"]
[Date "2011.12.08"]
[Round "6"]
[White "Lamb, Bryan"]
[Black "Krupka, David"]
[Result "0-1"]
[WhiteElo "2153"]
[BlackElo "1992"]
[PlyCount "47"]
[GameId "2160767909639386"]
[EventDate "2011.11.03"]
[EventType "swiss"]
[EventRounds "7"]
[EventCountry "CAN"]

1. d4 d5 2. Nc3 Bf5 3. f3 Nf6 4. Bg5 c6 5. Bxf6 gxf6 6. e4 Bg6 7. Qd2 h5 8. exd5 cxd5 9. f4 e6 10. O-O-O Nc6 11. Nf3 h4 12. Qf2 h3 13. g3 Qa5 14. Nh4 Rxh4 15. gxh4 Nb4 16. Bxh3 Rc8 17. Rhg1 Rxc3 18. bxc3 Nxa2+ 19. Kd2 Qxc3+ 20. Ke2 Qxh3 21. Rg3 Nc3+ 22. Ke1 Nxd1 23. Rxh3 Nxf2 24. Kxf2 0-1

[Event "Scarborough CC Falling Leaves"]
[Site "Toronto CAN"]
[Date "2011.12.08"]
[Round "6"]
[White "Paterson, Jim"]
[Black "Lin, Tony (Juntao)"]
[Result "0-1"]
[WhiteElo "1846"]
[BlackElo "2024"]
[PlyCount "98"]
[GameId "2160767909639387"]
[EventDate "2011.11.03"]
[EventType "swiss"]
[EventRounds "7"]
[EventCountry "CAN"]

1. e4 e6 2. Qe2 e5 3. Nf3 Nc6 4. c3 d6 5. h3 g6 6. Na3 Bg7 7. Nc2 Nge7 8. d3 h6 9. Be3 a5 10. Qd2 f5 11. g3 Be6 12. Bg2 Qd7 13. Nh4 g5 14. Nxf5 Nxf5 15. exf5 Bxf5 16. h4 g4 17. Be4 d5 18. Bxf5 Qxf5 19. Qe2 O-O-O 20. O-O-O Rhe8 21. Bc5 h5 22. Rhe1 b6 23. d4 bxc5 24. Qb5 Qf6 25. Qxc5 Qd6 26. Qb5 exd4 27. Rxe8 Rxe8 28. Nxd4 Bxd4 29. Rxd4 Re1+ 30. Rd1 Rxd1+ 31. Kxd1 Kd7 32. Ke1 Qe6+ 33. Kf1 Qe4 34. a4 Qc4+ 35. Qxc4 dxc4 36. Ke2 Ne5 37. Ke3 Nf3 38. Ke4 Ke6 39. Kf4 c6 40. Ke4 Kf6 41. Kf4 Nd2 42. Ke3 Nb3 43. Ke4 Nc5+ 44. Kd4 Nxa4 45. Kxc4 Nxb2+ 46. Kb3 Nd3 47. Ka4 Nxf2 48. Kxa5 Ke5 49. Kb4 Ne4 0-1